00428nam a2200145 i 450000100060000000300090000600500170001500700030003200800410003510000200007624501030009626000290019930000200022885200340024894586ES-MaACL20230906181520.0t|050509s1946 fr ||||1| fre d1 aLot, Ferdinand.12aL'Art militaire et les armées au Moyen Age en Europe et dans le Proche Orient / cFerdinand Lot. aParis : bPayot, c1946. a2 t. ; c23 cm. aES-MaACLjD-5941-42 bR.31705